000 00989 a2200241 4500
001 40653
005 20260407155702.0
008 260407a2013 arg spa d
003 AR-UNSa-BCEJYS
040 _aAR-UNSa-BCEJYS
_bspa
_cAR-UNSa-BCEJYS
080 _a331.101.26
_xEconomía del trabajo
245 1 0 _aLabor economics
020 _a978-0-07-352320-0
250 _a6a. ed
264 1 _aNew York :
_bMcGraw-Hill
_c2013
300 _axvi, 576 p.
_c24 cm.
505 _a1. Introduction to labor economics - 2. Labor supply - 3. Labor Demand - 4. Labor market equilibrium - 5. Compensating wage differentials - 6. Human capital - 7. The Wage structure - 8. Labor mobility - 9. Labor market discrimination - 10. Labor unions - 11. Incentive pay - 12. Unemployment
041 _aspa
942 _cBK
590 _aniveau_biblio:m niveau_hierar:0
100 1 _aBorjas, George J.
856 4 1 _uhttps://biblioeco.unsa.edu.ar/pmb/images/libros/L126257.jpg
_yImagen de portada
_qimage/jpeg
999 _c3286
_d3286